=LDR 00000nam 2200000 4500 =001 INLIS000000000053854 =990 ##$$a 31800142 =990 ##$$a 31800142 =005 20190327082559 =990 ##$$a 31800141 =990 ##$$a 31800141 =035 ##$$a 0010-0319000049 =007 ta =008 190327###########################0#ind## =020 ##$$a 978-602-437-180-7 =082 ##$$a 430.071 =084 ##$$a 430.071 SER =245 ##$$a Seri Bahan Ajar Bahasa Jerman =260 ##$$a Jakarta :$b Badan Pengembangan dan Pembinaan Bahasa,$c 2016 =300 ##$$a 188 hlm. : $b ilus. ; $c 26 Cm. =650 ##$$a Bahasa Jerman-Pengajaran =700 #$$a Editor, Ami Triana =990 ##$$a 05660566 =990 ##$$a 31800141 =990 ##$$a 05670567 =990 ##$$a 31800142 =990 ##$$a 31800141